Tapez F - Statistiques

Statistiques générales
  • Ce quiz a été pris 580 fois
  • Le résultat moyen est 14 sur 15
Statistiques - réponses
F % Correct
F
100%
F
97%
FFF
97%
FFFFF
97%
FFFFFF
97%
FF
96%
FF
96%
FFF
96%
FFFF
96%
FFFFF
96%
FFFFF
96%
FFFFFF
96%
FFFFFFFFFF
96%
FFF
95%
FFFF
95%
Aucun quiz correspondant
Distribution des résultats
% des personnes avec chaque résultat
Percentile par nombre de réponses
Votre historique - résultats
Vous n’avez pas pris ce quiz